000 00739nam a2200241Ia 4500
003 OSt
005 20220923212349.0
006 a|||||r|||| 00| 0
007 ta
008 220922b |||||||| |||| 00| 0 hin d
024 _a152,378
037 _cTextual
040 _aARTS
_cARTS
_bhin
041 _2hin
_ahin
082 _aO122:3M501:11, 152K0
100 _aमोपांसा
_9156280
245 0 _aनारी एक पहेली, अनु जगदीश
246 _aNārī ek pahelī, anu0 jagadīsha
260 _c1960
490 _aप्रचारक पाकेट बुक्स; 13
942 _hO122:3M501:11, 152K0
_cTEXL
_2CC
999 _c308027
_d308027